Statistics for Stations on NSW's Blue Mountains Line

Click here to take the quiz!

General Stats

  • This quiz has been taken 9 times
  • The average score is 28 of 32

Answer Stats

NumberStation% Correct
1Central
100%
8Emu Plains
100%
23Katoomba
100%
22Leura
100%
4Parramatta
100%
7Penrith
100%
2Redfern
100%
3Strathfield
100%
32Bathurst
86%
27Bell
86%
25Blackheath
86%
6Blacktown
86%
11Blaxland
86%
20Bullaburra
86%
15Faulconbridge
86%
18Hazelbrook
86%
9Lapstone
86%
19Lawson
86%
16Linden
86%
29Lithgow
86%
24Medlow Bath
86%
26Mount Victoria
86%
30Rydal
86%
14Springwood
86%
31Tarana
86%
21Wentworth Falls
86%
28Zig Zag
86%
10Glenbrook
71%
12Warrimoo
71%
5Westmead
71%
17Woodford
71%
13Valley Heights
57%

Score Distribution

Percentile by Number Answered

Percent of People with Each Score

Your Score History

You have not taken this quiz